| 000 | 01020nam a2200289Ia 4500 | ||
|---|---|---|---|
| 003 | OSt | ||
| 005 | 20221005092543.0 | ||
| 006 | a|||||r|||| 00| 0 | ||
| 007 | ta | ||
| 008 | 221004b |||||||| |||| 00| 0 eng d | ||
| 020 |
_a9781138201699 (hbk) _cUKP 110.00 |
||
| 024 | _a44223 | ||
| 037 |
_b1699, 15/03/2019, Bright Book Service _cTextual |
||
| 040 |
_aCRL _cCRL _beng |
||
| 041 |
_2eng _aeng |
||
| 082 | _aO111:g(P:795), Q8 | ||
| 100 |
_aBaer Brian James Ed. _930652 |
||
| 245 | 0 |
_aQueering translation, translating the queer _b theory, practice, activism |
|
| 260 |
_aNew York _bRoutledge USA _c2018 |
||
| 300 |
_aviii,233p. _ccm. |
||
| 490 | _aRoutledge advances in translation and interpreting studies | ||
| 650 | _a TRANSLATING AND INTERPRETING | ||
| 650 |
_aLANGUAGE AND LANGUAGES _98342 |
||
| 700 |
_a Kaindl Klaus Ed. _9617478 |
||
| 942 |
_hO111:g(P:795), Q8 _cTEXL _2cc |
||
| 999 |
_c999009 _d999009 |
||